[Event "Rubinstein Memorial 35th"]
[Site "Polanica Zdroj"]
[Date "1998.08.23"]
[Round "6"]
[White "Leko, Peter"]
[Black "Krasenkow, Michal"]
[Result "1/2-1/2"]
[WhiteElo "2665"]
[BlackElo "2655"]
[Annotator "Lukacs,P"]
[PlyCount "44"]
[EventDate "1998.08.17"]
[EventType "tourn"]
[EventRounds "11"]
[EventCountry "POL"]
[EventCategory "17"]
[SourceTitle "CBM 067"]
[Source "ChessBase"]
[SourceDate "1998.11.30"]
[SourceVersion "2"]
[SourceVersionDate "1998.11.01"]
[SourceQuality "1"]

1. d4 {Avrukh,B} Nf6 2. Bg5 d5 3. e3 {This does not a seems to be a very
promising setup for White at first sight. However White wants to complicate
matters soon.} (3. Bxf6 {is the main idea in the Trompovsky.}) 3... Ne4 4. Bf4
Bf5 5. f3 {This is White's only agressive idea here to attack Black's pieces
by Ps.} (5. Nd2 {is the quite approach to finish the development with natural
moves, but not causing troubles for the opponent as well.} Nxd2 ({Less clear
and classical is} 5... e6 $5 6. Bd3 Bd6 7. Bxe4 dxe4 8. Ne2 Nc6 9. Nc4 Bg4 10.
c3 O-O 11. d5 exd5 12. Nxd6 cxd6 13. Qxd5 Qb6 14. b3 Bxe2 15. Kxe2 Qa6+ 16. c4
Rad8 $13 {Lputian-Winants, Wijk aan Zee 1993}) 6. Qxd2 e6 7. Nf3 Nd7 8. c4 dxc4
$1 {This move introduces a N manoeuvre against White's ^^.} 9. Bxc4 Nb6 $1 10.
Bd3 Nd5 {/\ Bb4} 11. O-O Bxd3 12. Qxd3 Nxf4 13. exf4 Qd5 $1 14. Rfe1 Bd6 15. f5
O-O 16. fxe6 fxe6 $11 {Salov-Van der Sterren, Biel izt 1993}) 5... Nd6 {
Avrukh,B: 'A very rare continuation , the main line here 5...Nf6'} (5... Nf6 {
Adams-Van Wely, Tilburg 1996 CBM 56}) 6. Nc3 $142 {White doesn't want to chase
the B immediately. 'N' Avrukh,B.} (6. g4 Bg6 7. Nc3 (7. Bd3 {Avrukh,B} e6 8.
Ne2 c5 9. dxc5 Qa5+ 10. Qd2 Qxc5 11. Qc3 Nd7 12. Qxc5 Nxc5 13. Bxg6 hxg6 14.
Nbc3 Be7 15. O-O-O {[%cal Ge3e4]} Rd8 {1/2-1/2 Groffen,H-Van der Stricht,G/BEL
1997/EXT 97 (46) with equal ending.}) 7... e6 8. Qd2 Be7 $142 {'?!' Avrukh,B.}
(8... h5 9. g5 Nd7 10. O-O-O Nb6 11. Bd3 Bxd3 12. Qxd3 Qd7 13. b3 O-O-O 14.
Nge2 Kb8 15. Kb1 $14 {Efimov-Kuzmin, SU-ch 1986 '+/-' Avrukh,B. Avrukh,B: '1-0
Efimov,I-Kuzmin,A/Sevastopol 1986/EXT 97 (32)'}) 9. O-O-O Nd7 10. Bd3 Nb6 $13 (
10... c5 $5)) 6... e6 7. Qe2 $1 {So White wants to threaten with e4 and not
with g4. '!?' Avrukh,B.} (7. Qd2 {Avrukh,B} Nd7 8. O-O-O c6 9. g4 Bg6 10. h4 h6
$13 {[%cal Gd8a5,Rb7b5,Rb5b4,Rd7b6,Rb6c4]}) (7. Bd3 {Avrukh,B} Bxd3 (7... Bg6
$5) 8. Qxd3 Nc6 $11 {[%cal Gc6b4]}) 7... Bg6 {This is a prophilactic move
against e4.} 8. O-O-O Be7 9. e4 c6 (9... dxe4 $6 {giving up the [+] doesn't
bring any relef for Black:} 10. fxe4 O-O 11. Nf3 $16) 10. Qe1 (10. Qe3 Qa5 11.
h4 h6 12. Kb1 Nd7 (12... b5 $2 13. exd5 $1 cxd5 14. Nxd5 Nf5 15. Qc3 $1 $18)
13. h5 Bh7 14. Qe1 $1 {- 10.h4}) (10. h4 h6 (10... Bxh4 $4 {loses outright:}
11. Bxd6 Bg5+ 12. f4 $18) (10... dxe4 11. fxe4 Bxh4 $4 {is bad again:} 12. Rxh4
$1 $18 (12. Bxd6 $2 Bg5+)) (10... h5 $6 11. Be5 $1 O-O (11... f6 12. Bh2 {
[%csl Re6][%cal Gg1h3,Gh3f4]}) 12. g4 $1 (12. Nh3 $5 Nd7 13. Nf4 $36) 12...
hxg4 13. exd5 gxf3 14. Nxf3 cxd5 15. h5 $40) 11. h5 (11. g4 {Avrukh,B} b5 $1
$13) 11... Bh7 12. Qe3 (12. g4 Nc4 $1) 12... Qa5 (12... Bg5 13. Nh3 $14) (12...
O-O 13. g4 Nd7 14. Nh3 $40) 13. Kb1 Nd7 14. Qe1 $1 Nb6 (14... O-O-O $4 15. Nxd5
$1) 15. b3 {was interesing with unclear consequences.}) 10... O-O (10... Nd7 $2
{Avrukh,B} 11. exd5 cxd5 12. Nxd5 $16) 11. h4 h6 12. Bd3 (12. h5 Bh7 13. Qe3
Nd7 $13) (12. g4 $143 {Avrukh,B} b5 13. g5 h5 $1 (13... hxg5 14. hxg5 Bxg5 15.
Nh3 Bxf4+ 16. Nxf4 Qg5 17. Qd2 $40 {[%cal Gd2h2]}) 14. Bd3 b4 15. Nb1 Qa5 16.
a3 (16. e5 $2 Bxd3 17. Rxd3 Nc4 $17) 16... Nc4 $36) 12... b5 (12... Nd7 $2 13.
Qg3 $16 (13. h5 Bh7 14. Qg3 Bg5 $1)) 13. Bxd6 (13. e5 $2 Nc4 (13... Nf5 $2 14.
h5 Bh7 15. g4) 14. Bxg6 fxg6 15. Bg3 Qa5 16. Nh3 $2 Ba3 $1 $19) (13. Qg3 Kh8
$13) (13. h5 {Avrukh,B} Bh7 14. Qg3 Kh8 15. Be5 f6 $1 16. Bxd6 Bxd6 17. e5 Bxd3
18. Rxd3 Bc7 19. Nge2 {[%cal Ge2f4,Gf4g6]} fxe5 20. dxe5 Nd7 $15) 13... Bxd6
14. e5 Bxd3 15. Rxd3 (15. exd6 {Avrukh,B} Bh7 16. Qg3 Qd7 $17 {[%csl Rd6][%cal
Gf8d8]}) 15... Be7 (15... Bb4 $5) 16. f4 {The position with opposite side
castles is very exciting with P marches on both flanks.} Qa5 17. Kb1 {Perhaps
this prophilactic move is a bit slow.} (17. g4 $5 {was the consequent
alternative to continue the march of the Ps on the >>.} b4 18. Nb1 Qxa2 {
White gives a2, but if he comes first on the >>, this is not a big consession.}
19. f5 Nd7 (19... a5 20. Nf3 a4 21. f6 $1 gxf6 22. exf6 Bxf6 (22... Bd6 23. Qe3
Kh7 24. Ng5+ $18) 23. Qxb4 $16) 20. Nf3 Nb6 21. g5 (21. f6 $6 gxf6 22. exf6
Bxf6 23. Qxb4 Nc4 $132) 21... Nc4 22. Rb3 exf5 23. gxh6 g6 24. h5 a5 (24... g5
25. Nh4 $1) 25. e6 a4 26. exf7+ Rxf7 27. Rxb4 a3 (27... Bxb4 28. Qxb4) 28. bxa3
Bxb4 (28... Nxa3 29. Rb2) 29. Qxb4 Nxa3 30. Nxa3 Rxa3 31. hxg6 $18) 17... c5 $1
({There is no time for} 17... Nd7 18. Nf3 Nb6 19. g4 Nc4 20. f5 $16) 18. dxc5
Nc6 $1 19. Nf3 (19. f5 $2 {[%cal Gf5f6] Avrukh,B} exf5 $1 (19... b4) 20. Rxd5
b4 21. Nce2 Rad8 $17) 19... Bxc5 20. Ne2 (20. g4 $5 {is less promosing here as
it was before.} Ne7 (20... f6 $2 21. exf6 Rxf6 22. g5 $18) (20... d4 $2 21. Ne4
$16) 21. h5 $13) 20... Qa4 (20... Qxe1+ 21. Rxe1 Rfc8 $11) (20... Qb6 $6 {
Avrukh,B} 21. g4 $40) 21. Qd1 Rfc8 22. Ned4 {'=!' Avrukh,B.} (22. g4 $2 {
Avrukh,B} Nb4 23. Nc3 (23. Ra3 Qxc2+ 24. Qxc2 Nxc2 25. Kxc2 Bxa3+ $19) 23...
Qa5 24. Rd2 Be3 $17 {[%cal Gc8c3]}) 22... Bxd4 {Avrukh,B: 'after
23Nd4-Nd424Rd4-Rc425Rd4-Rd4 position is absouletly equal.'} 1/2-1/2

[Event "EU-ch 12th"]
[Site "Aix les Bains"]
[Date "2011.03.24"]
[Round "3"]
[White "Prie, Eric"]
[Black "Korobov, Anton"]
[Result "0-1"]
[WhiteElo "2508"]
[BlackElo "2647"]
[Annotator "Marchand,A/Primel,D"]
[PlyCount "94"]
[EventDate "2011.03.22"]
[EventType "swiss"]
[EventRounds "11"]
[EventCountry "FRA"]
[SourceTitle "CBM 142 Extra"]
[Source "ChessBase"]
[SourceDate "2011.06.27"]
[SourceVersion "1"]
[SourceVersionDate "2011.06.27"]
[SourceQuality "1"]
[TimeControl "40/5400+30:1800+30"]

1. d4 Nf6 2. Bf4 c5 3. e3 Nd5 $1 {il n'y a quasiment aucune partie dans les
bases avec cette ligne imaginée par le clermontois JL CHABANON mais il faut
noter que cette variante a été reprise ensuite dans beaucoup de parties en
2011 et 2012} (3... Qb6 4. Na3 $5 (4. Nc3)) 4. Bg3 {[%emt 0:33:28]} (4. Bxb8 $6
{[%emt 0:33:28]} Rxb8 5. e4 Nc7 6. Nf3 d5 $11 {Tran Tuan Minh (2295)-To,N 
(2345) Budapest FS04 IM 2011 (5) 1/2}) (4. dxc5 $5 Nxf4 5. exf4 Qa5+ 6. c3 Qxc5
$11 {Ferry,R (2029)-Giffard,N (2350) Syre Memorial op 36th 2013 (1.13) 0-1})
4... Qb6 {[%csl Rb2]} 5. Nc3 (5. Na3 $5 $146 {[%cal Ga3c4]} Qxb2 (5... Qb4+ 6.
c3 Nxc3 7. Qd2 Ne4 8. Qxb4 cxb4 9. Nb5 Na6 10. Rc1 d6 11. Nxa7) 6. Nb5 Qb4+ 7.
c3 $1 Qa5 8. Bc4 a6 9. Bxd5 axb5 10. Ne2 e6 11. Bf3 b4 (11... d6 12. O-O) 12.
O-O $32 {[%csl Re8]}) 5... Nxc3 6. bxc3 e6 $146 {La préparation des Noirs} (
6... d5 7. Rb1 Qa5 {Prie,E (2526)-Chabanon,J (2457) Cap d'Agde CCAS op 2010 (5)
1-0}) 7. Nf3 Qb2 $5 {[%emt 0:01:21] Risqué mais force quasiment Kd2} (7... Nc6
8. Bd3 (8. Rb1) 8... d5 9. O-O Be7 10. Rb1) 8. Kd2 $5 {Rappelle un peu une
position de française winawer avec un Kd2 difficile а attaquer.} Nc6 9. Ne5
Nxe5 10. Bxe5 f6 11. Bg3 Be7 12. a4 $1 {[%csl Rb2][%cal Ga4a5,Gf1b5] Menace
d'enfermer la Q} Qb6 (12... O-O 13. Bb5 a6 14. Qf3 {[%cal Gh1b1]} axb5 15. Rhb1
) 13. Qh5+ (13. d5 e5 (13... exd5 14. Qh5+)) (13. Bd3 $142 $5 {Semble un peu
meilleur pour le développement} d5 (13... O-O 14. Qh5 f5 (14... g6 15. Bxg6)
15. a5) (13... g6 14. h4) 14. Qh5+ Kf8) 13... g6 14. Qh6 $1 Kf7 {Les deux K
sont maintenant déroqués mais le K noir parait un peu plus exposé} 15. Bd3 Qd8
16. h4 $1 Bf8 17. Qf4 d5 18. a5 c4 $1 19. Be2 Bd7 20. h5 g5 21. Qf3 h6 22. e4 (
22. Rhb1 {[%csl Rb7]}) (22. a6) 22... Bc6 23. exd5 (23. e5 f5 $17 {[%csl Re2,
Rf3,Rg3]}) 23... Bxd5 24. Qe3 Qd7 25. Bf3 (25. f4 {[%cal Ga1f1,Gf1f7]} Bg7 26.
Rhf1) 25... Bg7 26. Rhb1 Rhe8 27. Ke1 Rad8 28. Kf1 Qc6 $1 {[%cal Gc6b7,Gd5f3]}
29. Rb4 (29. a6 $5) 29... f5 $1 {[%cal Gf5f4,Gg5g4]} (29... Bxf3 $6 30. Qxf3
Qxf3 31. gxf3 {[%csl Rb7]}) 30. Be5 Bxe5 31. dxe5 (31. Qxe5 Bxf3 32. gxf3 Qxf3
33. Qc7+ Kf8 (33... Re7 34. Qxd8 Qh1+ 35. Ke2 Qxa1) 34. Rxb7) 31... Bxf3 32.
gxf3 Re7 33. Rab1 {Après l'échange des pièces légères, les Blancs peuvent
peut-être annuler mais la finale serait perdante} a6 34. Qe2 (34. Rb6 Qd5 35.
Qd4 (35. Kg2 Qxa5) 35... Qxd4 36. cxd4 Rxd4 37. Rxb7 $132 {[%csl Ra6]}) (34.
Kg2 g4 {[%cal Gc6g2]}) 34... Qd5 $36 {[%csl Gd5]} 35. Kg2 $6 (35. Rxc4 Qxa5 36.
Rcb4 b5 37. c4 $132) 35... g4 {[%cal Gd5g2]} 36. Qe3 $2 {[%cal Ge3h6] Il va
manquer un tempo aux Blancs} gxf3+ (36... Rg8 {[%cal Gg8g2] Semblait un ordre
de coups plus précis}) 37. Kh2 (37. Kh1 $142 $1 {[%cal Ge3h6] Evite l'échec
intermédaire} Rg8 38. Qxh6 {[%cal Gh6f6]}) 37... Rg8 $36 {[%cal Gg8g2]} 38. Rg1
(38. Qd4) 38... Rxg1 39. Kxg1 Kg8 40. Qd4 Rg7+ 41. Kf1 Qxa5 $19 42. Ke1 Rg4 43.
Qd6 Re4+ 44. Kd2 Qd5+ 45. Kc1 Re1+ 46. Kb2 Qxd6 47. exd6 b5 0-1

[Event "EU-ch 12th"]
[Site "Aix les Bains"]
[Date "2011.04.02"]
[Round "11"]
[White "Shimanov, Aleksandr"]
[Black "Roser, Kevin"]
[Result "1-0"]
[WhiteElo "2550"]
[BlackElo "2423"]
[Annotator "Marchand,A/Primel,D"]
[PlyCount "63"]
[EventDate "2011.03.22"]
[EventType "swiss"]
[EventRounds "11"]
[EventCountry "FRA"]
[SourceTitle "CBM 142 Extra"]
[Source "ChessBase"]
[SourceDate "2011.06.27"]
[SourceVersion "1"]
[SourceVersionDate "2011.06.27"]
[SourceQuality "1"]
[TimeControl "40/5400+30:1800+30"]

1. d4 {André MARCHAND: Kevin ROSER (5,5 pts) affronte un jeune junior GMI
russe Aleksandr SHIMANOV (né en 92 - 2550) Voici son parcours déjà
impressionnant : 2200 а 12 ans, MF а 14 ans, MI а 15 ans, GMI а 17 ans ! et ce
n'est pas fini car il a encore gagné 16 pts début mars au championnat de
Russie Juniors.} Nf6 {L'isséen avait bien commencé le tournoi avec une nulle
contre un 2700 mais il a eu plus de mal sur les dernières rondes.} 2. Bg5 e6 (
2... Ne4 3. Bf4 (3. h4) 3... c5 (3... e5 {La mode actuelle} 4. dxe5 d5)) (2...
c5) 3. e4 {Une ligne agressive qui gagne de l'espace au détriment de la paire
de B} h6 (3... c5 4. e5 h6) 4. Bxf6 Qxf6 5. Nc3 d6 (5... Bb4 {L'alternative})
6. Qd2 c6 (6... g5 {La ligne critique avec la paire de B pour les Noirs contre
le fort centre des Blancs} 7. O-O-O Bg7 8. g3 Nc6 9. Bb5 Bd7 10. Nge2 $14 {
Degraeve,J (2580)-Chuchelov,V (2540)/Anderlecht rap rapid 1998/1/2-1/2}) 7. f4
e5 8. dxe5 dxe5 9. f5 {[%csl Rc8]} Bb4 (9... Qd6 10. Bd3 $14) 10. Nf3 (10.
O-O-O) 10... Nd7 11. a3 Ba5 12. Bc4 (12. g4 $143 Qe7 13. h4 Nf6 $132 {[%cal
Ga5e1,Gf6e4,Gf6g4]}) 12... Qe7 13. b4 (13. O-O-O {La suite logique du système
blanc}) 13... Bc7 14. O-O Nf6 15. Rab1 $6 $146 {Un coup bizarre} ({RR} 15. Kh1
Bd7 16. Qe1 b5 17. Bb3 a5 18. Qg3 O-O 19. Rad1 Rfd8 20. Rd3 axb4 21. axb4 Be8
22. Rxd8 Rxd8 23. Rb1 Kf8 24. Ba2 Bd6 25. Qh4 Bxb4 26. Ne2 Bd6 27. Ng3 Bc7 28.
Nh5 Nxh5 29. Qxh5 f6 {Povah,N (2324)-James,D (2123)/Hinckley Island 2009/EXT
2010/1-0 (76)}) 15... O-O {Un coup naturel mais la poussée h6 va donner de la
prise а une attaque sur l'aile-roi} (15... b5 16. Bb3 a5) (15... a5 $5) 16. Kh1
$1 {[%cal Gf1g1] Le plus étonnant dans cette position qui semble ok pour les
Noirs est la violence de l'attaque blanche qui va débouler sur l'aile-roi} Rd8
(16... Bd7 {[%cal Gf8d8]} 17. g4 Nh7 {[%csl Gg5]} (17... Rfd8 18. g5) 18. h4
Rfd8 19. g5) (16... b5 17. Bb3) 17. Qe1 Kf8 $1 {Anticipe l'attaque sur la
colonne "g" mais l'isséen a néanmoins des problèmes pour terminer le
développement} 18. g4 $1 Nxg4 19. Rg1 $44 Nf6 20. Qg3 Ne8 (20... Nh5 21. Qg4 g6
$13 {[%cal Gc8g4]}) 21. f6 $3 {Un coup très profond} Nxf6 (21... Qxf6 22. Rbf1
{[%csl Rf6,Rf8][%cal Gf3h4]}) 22. Qxg7+ Ke8 23. Rbf1 {[%csl Rf6,Rf7][%cal
Gf3h4]} Bh3 24. Nh4 $1 Rd6 25. Rf3 Be6 $2 26. Rxf6 Bxc4 27. Rxd6 Bxd6 28. Nf5
Qf8 29. Nxd6+ Qxd6 30. Qh8+ Ke7 31. Qxa8 Qd4 32. Rd1 {Une partie
impressionnante du jeune russe} 1-0

[Event "Sigeman & Co 07th"]
[Site "Malmo"]
[Date "1999.06.16"]
[Round "8"]
[White "Hall, Jesper"]
[Black "De Firmian, Nick E"]
[Result "1-0"]
[WhiteElo "2485"]
[BlackElo "2610"]
[Annotator "McShane,L"]
[PlyCount "39"]
[EventDate "1999.06.??"]
[EventType "tourn"]
[EventRounds "9"]
[EventCountry "SWE"]
[EventCategory "14"]
[SourceTitle "CBM 072"]
[Source "ChessBase"]
[SourceDate "1999.10.01"]
[SourceVersion "1"]
[SourceVersionDate "1999.10.01"]
[SourceQuality "1"]

1. d4 Nf6 2. Bg5 e6 3. e4 h6 4. Bxf6 Qxf6 5. Nc3 Bb4 6. Qd2 c5 7. a3 Bxc3 8.
bxc3 d6 9. f4 e5 {Black must grab some dark squares otherwise White will
dominate with e5.} 10. Bb5+ Bd7 11. Rb1 $1 exf4 {The position is very much
like a Kings Gambit. This seems to be a good one for White because he has a
strong centre and he will win the pawn back in a couple of moves.} 12. Ne2 g5
13. Bxd7+ Nxd7 14. Rxb7 {The rook is a monster. The most immediate problem is
that it prevents Black from castling.} Nb6 15. Qd3 Qe6 (15... O-O {is natural,
but after h4 its easy to imagine the queen and two rooks converging on h7 very
soon. Instead Black tries to trap the rook.}) 16. h4 Qc8 17. Qa6 {White's
queen and rook are a bit ugly, but Black's position is a wreck which more than
compensates.} O-O 18. hxg5 hxg5 19. e5 $2 (19. Qd3 $1 {should soon wrap the
game, e.g.} Qxb7 20. Qh3 f6 21. Qh8+ Kf7 22. Qh7+) 19... Re8 $2 (19... c4 $1 {
and it's very doubled edged, e.g.} 20. exd6 Re8 21. Qb5 Qg4) 20. Qd3 $1 {
21...Qxb7 22.Qh7+ Kf8 23.Qh6 Ke7 (23...Kg8 24.Qh8 mate) 24.Qxd6 is mate.} 1-0

[Event "ISR-chT"]
[Site "Israel"]
[Date "1996.??.??"]
[Round "11"]
[White "Porper, Edward"]
[Black "Mikhalevski, Victor"]
[Result "0-1"]
[WhiteElo "2425"]
[BlackElo "2495"]
[Annotator "Mikhalevski,V"]
[PlyCount "50"]
[EventDate "1996.??.??"]
[EventType "team"]
[EventRounds "11"]
[EventCountry "ISR"]
[SourceTitle "CBM 052 Extra"]
[Source "ChessBase"]
[SourceDate "1996.07.01"]
[SourceVersion "1"]
[SourceVersionDate "1996.07.01"]
[SourceQuality "1"]

1. d4 Nf6 2. Bg5 Ne4 3. Bf4 d5 4. e3 c5 5. c3 Nc6 6. Bd3 Qb6 $6 (6... g5 $1 7.
Bg3 (7. Be5 Nxe5 8. dxe5 Qb6 $1 9. Qc2 (9. Qb3 Qe6 $1 10. c4 Qxe5 {/^a1-h8})
9... Bf5 $1 (9... Bg7 {See 6...Qb6}) 10. c4 (10. f3 c4 $1 $17) (10. Nd2 Nxd2
11. Bxf5 Nc4 $1 $17) 10... Bg7 (10... dxc4 11. Bxe4 Bxe4 12. Qxe4 Qxb2 13. Ne2
O-O-O 14. O-O Qxa1 15. Nbc3 Qb2 16. Rb1 $18) (10... Qb4+ 11. Ke2 (11. Kf1 dxc4
$1 12. Bxe4 Bxe4 13. Qxe4 Qxb2 $19 {/\0-0-0}) 11... dxc4 $1 12. Bxe4 Bxe4 13.
Qxe4 Qxb2+ 14. Nd2 $1 $13) 11. f3 Bxe5 $1 12. Nc3 $1 $8 Nxc3 $1 13. Bxf5 Qa5 $5
(13... e6) 14. Qd2 e6 $1 $17) 7... Nxg3 8. hxg3 Qb6 {/\h6=}) 7. Qc2 $6 (7. Bxe4
$1 dxe4 8. d5 $1 e5 (8... Qxb2 9. dxc6 Qxa1 10. cxb7 $1 (10. Bc7 f6) 10... Bxb7
11. Qa4+ Kd8 12. Qa5+ $18) 9. Bg3 Qxb2 10. Nd2 $16) 7... g5 $1 8. Be5 $2 (8.
Bg3 $142) 8... Nxe5 9. dxe5 Bg7 $5 (9... Bf5 $1 {See 6...g5}) 10. Bxe4 (10. f3
c4 $1) 10... dxe4 11. Nd2 Bf5 $1 $15 12. Ne2 O-O-O $1 13. Nxe4 Bg6 $1 (13...
Bxe4 14. Qxe4 Qxb2 15. Qg4+ $1 $8 (15. Rb1 $2 Qd2+ 16. Kf1 Qd1+ 17. Rxd1 Rxd1#)
15... e6 16. O-O $40) (13... Bxe5 14. Nd6+) 14. O-O Qc6 15. N2g3 h5 $1 $17 (
15... Bxe5 16. f4) 16. f4 $8 h4 17. f5 hxg3 18. fxg6 Qxg6 $22 19. Rf5 $1 Rxh2
20. Nxg3 Bxe5 $3 21. Kxh2 Qh5+ 22. Kg1 Bxg3 23. Qe4 Qh2+ 24. Kf1 Rd2 $1 25.
Rxc5+ Kb8 {[Mikhalevski,V]} 0-1